Islam and democracy : (Record no. 15163)
[ view plain ]
| 000 -LEADER | |
|---|---|
| fixed length control field | 03130cam a2200385 i 4500 |
| 001 - CONTROL NUMBER | |
| control field | 12723600 |
| 003 - CONTROL NUMBER IDENTIFIER | |
| control field | EG-ScBUE |
| 005 - DATE AND TIME OF LATEST TRANSACTION | |
| control field | 20240815092407.0 |
| 008 - FIXED-LENGTH DATA ELEMENTS--GENERAL INFORMATION | |
| fixed length control field | 020329t2003 enk f b 001 0 eng d |
| 020 ## - INTERNATIONAL STANDARD BOOK NUMBER | |
| International Standard Book Number | 0745319777 |
| 020 ## - INTERNATIONAL STANDARD BOOK NUMBER | |
| International Standard Book Number | 0745319769 (pbk.) |
| 040 ## - CATALOGING SOURCE | |
| Original cataloging agency | DLC |
| Language of cataloging | eng |
| Description conventions | rda |
| Transcribing agency | DLC |
| Modifying agency | DLC |
| -- | EG-ScBUE |
| 043 ## - GEOGRAPHIC AREA CODE | |
| Geographic area code | f-ae--- |
| 082 04 - DEWEY DECIMAL CLASSIFICATION NUMBER | |
| Classification number | 965.053 |
| Edition number | 22 |
| Item number | VOL |
| 100 1# - MAIN ENTRY--PERSONAL NAME | |
| Personal name | Volpi, Frederic, |
| Relator term | author. |
| 9 (RLIN) | 23259 |
| 245 10 - TITLE STATEMENT | |
| Title | Islam and democracy : |
| Remainder of title | the failure of dialogue in Algeria / |
| Statement of responsibility, etc | Frederic Volpi. |
| 264 #1 - PUBLICATION, DISTRIBUTION, ETC. (IMPRINT) | |
| Place of publication, distribution, etc | London ; |
| -- | Sterling, VA : |
| Name of publisher, distributor, etc | Pluto Press, |
| Date of publication, distribution, etc | [2003] |
| 264 #4 - PUBLICATION, DISTRIBUTION, ETC. (IMPRINT) | |
| Date of publication, distribution, etc | c2003 |
| 300 ## - PHYSICAL DESCRIPTION | |
| Extent | viii, 168 pages ; |
| Dimensions | 22 cm |
| 336 ## - CONTENT TYPE | |
| Source | rdacontent |
| Content type term | text |
| Content type code | txt |
| 337 ## - MEDIA TYPE | |
| Media type term | unmediated |
| Source | rdamedia |
| Media type code | n |
| 338 ## - CARRIER TYPE | |
| Carrier type term | volume |
| Carrier type code | nc |
| Source | rdacarrier |
| 504 ## - BIBLIOGRAPHY, ETC. NOTE | |
| Bibliography, etc | Includes bibliographical references and index. |
| 505 0# - FORMATTED CONTENTS NOTE | |
| Formatted contents note | Understanding political democratisation at the beginning of the XXI century -- Algeria and the 'third wave' of democratic transitions -- Islam and the 'west' : a clash of ideologies in Algeria -- New political actors for a new international order -- Political ideas and practices in historical perspective -- Genealogies of state power : colonial experiences post colonial dilemmas -- Historical perspectives on Islamic fundamentalist ideology : a pragmatic account -- The Algerian political opening : democratic symbols and authoritarian practices (1988-1991) -- The 1988 October riots : the symbol of a new era -- The Algerian democratic opening : successes and failures -- The 1992 coup d'�etat and beyond : war as politics through other means (1992-1994) -- The 1992 coup d'�etat -- The military in control : The repressive option -- The Islamic movement : from political opposition to 'holy' war -- A new authoritarianism : guided democracy versus radical Islam (1995-2000) -- The re-composition of the political field -- Electoral marketing : formal representation and informal authoritarianism -- On the margins of politics : the military and the Islamic guerrillas -- A civil society in transition : survivalist strategies and social protest -- Coping with violence and deprivation : survivalist strategies -- The articulation of social protest : defying the regime -- The international arena : strengths and weaknesses of the new world order -- The political economy of the conflict : the role of international actors -- Algeria as the future of democratisation in the Muslim world -- Exporting the jihad : the internationalisation of radical Islamic actors -- Learning and unlearning to be democratic. |
| 650 #7 - SUBJECT ADDED ENTRY--TOPICAL TERM | |
| Topical term or geographic name as entry element | Demonstrations |
| Geographic subdivision | Algeria. |
| Source of heading or term | BUEsh |
| 9 (RLIN) | 23260 |
| 650 #7 - SUBJECT ADDED ENTRY--TOPICAL TERM | |
| Topical term or geographic name as entry element | Islam and politics |
| Geographic subdivision | Algeria. |
| Source of heading or term | BUEsh |
| 9 (RLIN) | 23261 |
| 650 #7 - SUBJECT ADDED ENTRY--TOPICAL TERM | |
| Topical term or geographic name as entry element | Islamic fundamentalism |
| Geographic subdivision | Algeria. |
| Source of heading or term | BUEsh |
| 9 (RLIN) | 23262 |
| 651 #7 - SUBJECT ADDED ENTRY--GEOGRAPHIC NAME | |
| Geographic name | Algeria |
| General subdivision | Politics and government, |
| Source of heading or term | BUEsh |
| 9 (RLIN) | 23263 |
| 651 #7 - SUBJECT ADDED ENTRY--GEOGRAPHIC NAME | |
| Geographic name | Algeria |
| General subdivision | Social conditions. |
| Source of heading or term | BUEsh |
| 9 (RLIN) | 23264 |
| 653 ## - INDEX TERM--UNCONTROLLED | |
| Arrived date list | April2011 |
| 655 ## - INDEX TERM--GENRE/FORM | |
| Form subdivision | Reading book |
| 856 42 - ELECTRONIC LOCATION AND ACCESS | |
| Materials specified | Publisher description |
| Uniform Resource Identifier | <a href="http://www.loc.gov/catdir/enhancements/fy0905/2002005040-d.html">http://www.loc.gov/catdir/enhancements/fy0905/2002005040-d.html</a> |
| 942 ## - ADDED ENTRY ELEMENTS (KOHA) | |
| Source of classification or shelving scheme | Dewey Decimal Classification |
| Koha item type | Book - Borrowing |
| Withdrawn status | Lost status | Source of classification or shelving scheme | Damaged status | Not for loan | Collection code | Home library | Current library | Shelving location | Date acquired | Source of acquisition | Cost, normal purchase price | Serial Enumeration / chronology | Total Checkouts | Total Renewals | Full call number | Barcode | Date last seen | Date checked out | Price effective from | Koha item type |
|---|---|---|---|---|---|---|---|---|---|---|---|---|---|---|---|---|---|---|---|---|
| Dewey Decimal Classification | Diwan | Central Library | Central Library | Second Floor | 21/04/2011 | Purchase | 178.00 | 124070 | 2 | 1 | 965.053 VOL | 000025088 | 15/07/2025 | 26/11/2023 | 21/04/2011 | Book - Borrowing |